000 00378nam a22001457a 4500
003 OSt
005 20160727222345.0
008 160621b xxu||||| |||| 00| 0 eng d
040 _cTest
100 _9219
_aTaylor, K. N
245 _aCreation
_bAnd the High School Student
260 _aN.Y
_b Tyndale House
_c1969
300 _aCreation: And the High School Student
942 _2ddc
_cBK
999 _c177
_d177